000 01009nam a22003137a 4500
003 CHAP
005 20220329140728.0
008 971013s1984 r 00010 d
010 _a56662
011 _a57634
035 _a61789
040 _cCHAP
090 _aFolleto 9689
100 0 0 _aSchmitz, Andrew.
_9103078
245 _aCommodity price stablization
_b: the theory and its application
260 _aWashington :
_bThe World Bank,
_c1984
300 _a89 p.
_b: gráfs.
490 _aWorld Bank staff working
_v; 668
590 _aBATCH-UPD
_b10
_c20130110
_lUCH01
_h1511
590 _aBATCH-UPD
_b10
_c20130410
_lUCH01
_h0928
590 _aBATCH-UPD
_b10
_c20130914
_lUCH01
_h1934
590 _aCONVERSION
_b10
_c20130109
_lUCH01
_h1330
650 1 4 _aPrecios.
_991344
710 0 _aBanco Internacional de Reconstrucción y Fomento.
_99848
830 0 _aWorld Bank staff working
_v; 668
_9122694
901 _aBK
942 _cFOLL
949 _aFolleto 9689
_bBC
_cFOLL
_d-132641
_eTS1
_gI.126517
_i61789
_si
999 _c56662
_d56662